| 000 | 00543nam a22001937a 4500 | ||
|---|---|---|---|
| 003 | CEME | ||
| 005 | 20210628202607.0 | ||
| 008 | 210122b xxu||||| |||| 00| 0 eng d | ||
| 020 | _a81-7808-972-6 | ||
| 040 | _c. | ||
| 082 | _a621.31042 WIL | ||
| 100 |
_aWildi, Theodore _918392 |
||
| 245 | _aElectrical machines, drives, and power systems | ||
| 250 | _a5TH | ||
| 260 |
_aNEW DELHI _bPEARSON EDUCATION _c2004 |
||
| 300 | _aXIX,886 P | ||
| 650 |
_aELECTRICAL MACHINES.ELECTRICAL DRIVES.ELECTRICAL POWER SYSTEMS _960646 |
||
| 942 |
_cBK _2ddc |
||
| 999 |
_c570328 _d570328 |
||